000 00963nam a22003377a 4500
001 BR9405409
003 BR-BrBNA
005 20230928094311.0
007 ta
008 230509b bl.||||| |||| 00| 0 por d
040 _aBR-BrBNA
_bpor
_cBiblioteca Nacional de Agricultura
041 _a(Por)
072 _aP10; P40; P33
090 _ P10 BR9405409
100 1 _aEspinoza, W.
100 1 _aAzevedo, J.A. de
100 1 _aGoedert, W.J.
110 1 _aEmpresa Brasileira de Pesquisa Agropecuaria, Brasilia, DF (Brasil)
245 1 _aConceituacao atual sobre a problematica do deficit hidrico em areas de cerrado
260 3 _aBrasilia, DF (Brasil):
_c1978.
300 _a14 p.
650 _aSolo
650 _aClima
650 _aPrecipitacao Pluvial
650 _aPrecipitacao Pluvial
650 _aPropriedade Fisico-Quimica
650 _aDeficiencia Hidrica
650 _aCerrado
909 _a202309
_bLucia
_c55
_dLucia Elande
942 _cBK
999 _c49933
_d49933